书目信息 |
| 题名: |
大学基础物理学
|
|
| 作者: | 金仲辉 , 梁德余 主编 | |
| 分册: | ||
| 出版信息: | 北京 科学出版社 2000.03 |
|
| 页数: | 374页 | |
| 开本: | 16开 | |
| 丛书名: | ||
| 单 册: | ||
| 中图分类: | O4-43 | |
| 科图分类: | ||
| 主题词: | 物理学 | |
| 电子资源: | ||
| ISBN: | 7-03-008149-8 | |
| 000 | 00558nam0 2200193 45 | |
| 001 | 0009061038 | |
| 005 | 20000906105855.3 | |
| 010 | @a7-03-008149-8@d38.00元 | |
| 100 | @a20000906d2000 km y0chiy0120 ea | |
| 101 | 0 | @achi |
| 200 | 1 | @a大学基础物理学@ADa Xue Ji Chu Wu Li Xue@f金仲辉,梁德余主编@FJin Zhong Hui,Liang De Yu Zhu Bian |
| 210 | @a北京@c科学出版社@d2000.03 | |
| 215 | @a374页@d16开 | |
| 606 | 0 | @a物理学 |
| 690 | @aO4-43@v3 | |
| 701 | 0 | @a金仲辉@4主编 |
| 701 | 0 | @a梁德余@4主编 |
| 801 | @aCN@bPftUser@c20000906 | |
| 905 | @b122184-188@dO4-43@eG311@f5 | |
| 大学基础物理学/金仲辉,梁德余主编.-北京:科学出版社,2000.03 |
| 374页;16开 |
| ISBN 7-03-008149-8:38.00元 |
| ● |
| 相关链接 |
|
|
|
正题名:大学基础物理学
索取号:O4-43/G311
 
预约/预借
| 序号 | 登录号 | 条形码 | 馆藏地/架位号 | 状态 | 备注 |
| 1 | 122185 | 201221855 | 自科库401/401自科库 56排2列1层/ [索取号:O4-43/G311] | 在馆 | |
| 2 | 122186 | 201221864 | 自科库401/401自科库 56排2列1层/ [索取号:O4-43/G311] | 在馆 | |
| 3 | 122187 | 201221873 | 自科库401/401自科库 56排2列1层/ [索取号:O4-43/G311] | 在馆 | |
| 4 | 122188 | 201221882 | 自科库401/401自科库 56排2列1层/ [索取号:O4-43/G311] | 在馆 | |
| 5 | 545302 | 205453025 | 自科库401/401自科库 56排2列2层/ [索取号:O4-43/G311] | 在馆 | |
| 6 | 545303 | 205453034 | 自科库401/401自科库 54排1列1层/ [索取号:O4-43/G311] | 在馆 | |
| 7 | 545304 | 205453043 | 自科库401/401自科库 56排2列2层/ [索取号:O4-43/G311] | 在馆 |